[Event "AUS-ch Major"]
[Site "Cammeray"]
[Date "2018.01.02"]
[Round "1"]
[White "Anup, Kumar S"]
[Black "Farrell, Keith"]
[Result "1-0"]
[WhiteElo "1828"]
[BlackElo "1577"]
[PlyCount "41"]
[EventDate "2018.01.02"]
[EventType "swiss"]
[EventRounds "11"]
[EventCountry "AUS"]
[SourceTitle "CBM 182 Extra"]
[Source "ChessBase"]
[SourceDate "2018.02.23"]
[SourceVersion "1"]
[SourceVersionDate "2018.02.23"]
[SourceQuality "1"]

1. d4 d5 2. c4 c6 3. Nc3 Bf5 4. cxd5 cxd5 5. Qb3 Nc6 6. e3 e6 7. Qxb7 Rc8 8. Bb5 Qc7 9. Qxc7 Rxc7 10. Nf3 Bb4 11. Bd2 Nge7 12. Rc1 0-0 13. a3 Ba5 14. b4 Bb6 15. Na4 Nb8 16. Rxc7 Bxc7 17. Ke2 a6 18. Bd3 Bxd3+ 19. Kxd3 Rc8 20. Rc1 Bd6 21. Nc5 1-0

[Event "Mumbai Mayors Cup 1st"]
[Site "Mumbai"]
[Date "2008.05.15"]
[Round "7"]
[White "Swati, Mohota"]
[Black "Anup, Kumar S"]
[Result "1/2-1/2"]
[WhiteElo "2114"]
[BlackElo "1888"]
[PlyCount "154"]
[EventDate "2008.05.11"]
[EventType "swiss"]
[EventRounds "11"]
[EventCountry "IND"]
[SourceTitle "CBM 124 Extra"]
[Source "ChessBase"]
[SourceDate "2008.07.03"]
[SourceVersion "1"]
[SourceVersionDate "2008.07.03"]
[SourceQuality "1"]

1. d4 Nf6 2. c4 e5 3. dxe5 Ng4 4. Bf4 Nc6 5. Nf3 Bb4+ 6. Nbd2 Qe7 7. e3 Ngxe5 8. Nxe5 Nxe5 9. Be2 d6 10. 0-0 0-0 11. Rc1 a6 12. Nb3 Nd7 13. a3 Bc5 14. Nxc5 Nxc5 15. b4 Ne6 16. Bg3 h6 17. Qd5 Rd8 18. Rfd1 Ra7 19. Qe4 Qe8 20. Bd3 Ng5 21. Qd4 Ra8 22. f4 Ne6 23. Qe4 Nf8 24. Qxe8 Rxe8 25. e4 Bg4 26. Re1 Rad8 27. Kf2 f6 28. h3 Bh5 29. Bh2 Bf7 30. Kf3 Nd7 31. Bg1 Bh5+ 32. Ke3 f5 33. Kd2 fxe4 34. Rxe4 Rxe4 35. Bxe4 b6 36. Re1 Re8 37. Bc6 Rxe1 38. Kxe1 Nf6 39. c5 dxc5 40. bxc5 bxc5 41. Bxc5 Be8 42. Bb7 Bb5 43. Kf2 Nd7 44. Bd5+ Kh7 45. Be7 Nb6 46. Bb7 c6 47. g4 Nd5 48. Bd6 Kg6 49. a4 Bxa4 50. Bxa6 Kf6 51. Be5+ Kf7 52. Bc4 Bb5 53. Bb3 Kf8 54. f5 Nf6 55. Bd6+ Ke8 56. Kf3 Bf1 57. h4 Bh3 58. g5 hxg5 59. hxg5 Bxf5 60. gxf6 gxf6 61. Kf4 Kd7 62. Bc5 Be6 63. Bc2 Ke8 64. Bg6+ Bf7 65. Bf5 Bd5 66. Bc8 Bg2 67. Bg4 Bd5 68. Kf5 Kf7 69. Bh5+ Kg8 70. Kxf6 Bb3 71. Bg6 Bc4 72. Be8 Bd5 73. Bd7 Be4 74. Be6+ Kh7 75. Be3 Bd5 76. Bf5+ Kg8 77. Bh6 Bf7 1/2-1/2

[Event "Mumbai Mayors Cup 1st"]
[Site "Mumbai"]
[Date "2008.05.12"]
[Round "3"]
[White "Prasanna Raghuram, Rao"]
[Black "Anup, Kumar S"]
[Result "1-0"]
[WhiteElo "2230"]
[BlackElo "1888"]
[PlyCount "123"]
[EventDate "2008.05.11"]
[EventType "swiss"]
[EventRounds "11"]
[EventCountry "IND"]
[SourceTitle "CBM 124 Extra"]
[Source "ChessBase"]
[SourceDate "2008.07.03"]
[SourceVersion "1"]
[SourceVersionDate "2008.07.03"]
[SourceQuality "1"]

1. e4 e5 2. Nf3 Nf6 3. Nxe5 d6 4. Nf3 Nxe4 5. Nc3 Nxc3 6. dxc3 Be7 7. Bf4 Nc6 8. Qd2 Be6 9. Bd3 Bf6 10. 0-0 0-0 11. Ng5 Bxg5 12. Bxg5 Qd7 13. Rfe1 Rfe8 14. Re3 Ne5 15. Rae1 Nxd3 16. Qxd3 Bf5 17. Qd5 c6 18. Qd2 Rxe3 19. Bxe3 h6 20. Rd1 a6 21. h3 Qe6 22. Qxd6 Qxd6 23. Rxd6 Bxc2 24. Rd7 b5 25. f3 Bb1 26. a3 Ba2 27. Kf2 Be6 28. Rc7 Bd5 29. Bd4 a5 30. Re7 a4 31. Kg3 Rd8 32. f4 Be6 33. Rc7 Bd5 34. Re7 Be6 35. Kf2 Rd7 36. Re8+ Kh7 37. g4 Bd5 38. f5 Bc4 39. Rc8 Bd5 40. h4 f6 41. Re8 Rf7 42. Kg3 Rb7 43. Kf4 Rd7 44. g5 hxg5+ 45. hxg5 fxg5+ 46. Kxg5 Rf7 47. f6 g6 48. Re2 Bc4 49. Re8 Bd5 50. Re3 Bc4 51. Rh3+ Kg8 52. Kxg6 Bd5 53. Rg3 Kf8 54. Re3 Kg8 55. Bc5 Rf8 56. Bxf8 Kxf8 57. Re7 Ba2 58. Rc7 Bb1+ 59. Kg5 Be4 60. Kf4 Bd5 61. Ke5 Bg2 62. Kd6 1-0